Normal view MARC view
  • AIAA education series.

Entry Uniform Title

Number of records used in: 42

001 - CONTROL NUMBER

  • control field: 1422

003 - CONTROL NUMBER IDENTIFIER

  • control field: NUST

005 - DATE AND TIME OF LATEST TRANSACTION

  • control field: 20170525122451.0

008 - FIXED-LENGTH DATA ELEMENTS

  • fixed length control field: 170525|| aca||aabn | a|a d

040 ## - CATALOGING SOURCE

  • Original cataloging agency: NUST
  • Transcribing agency: NUST

130 ## - HEADING--UNIFORM TITLE

  • Uniform title: AIAA education series.

670 ## - SOURCE DATA FOUND

  • Source citation: Work cat.: (NUST)32649: Reg Austin 1418, Unmanned aircraft systems :, c2010.
© 2023 Central Library, National University of Sciences and Technology. All Rights Reserved.